| 000 | 00476nam a22001691a 4500 | ||
|---|---|---|---|
| 999 |
_c162963 _d162963 |
||
| 020 | _a9788121206686 | ||
| 082 |
_a133.582 945 921 _bHOW/I |
||
| 100 | _aHoward Beckman | ||
| 245 |
_aAn introduction to vedic astrology : _bspiritual science of the ancient/ _cby Howard Beckman. |
||
| 260 |
_aNew Delhi: _bJnan, _c1999. |
||
| 300 | _a230p. | ||
| 650 | _aAstronomy Astrology Vedas | ||
| 650 | _aAstrology India | ||
| 650 | _aAstrology | ||
| 650 | _aPhilosophy | ||
| 942 | _cBK | ||